000 00303nam a22001337a 4500
008 171020b xxu||||| |||| 00| 0 eng d
020 _a9780023767517
041 _aeng
080 _a338
100 _a54
101 _aMEN
245 _aMANAGING INFORMATION TECHNOLOGY
_cHOFFER.J.A
942 _2udc
_cBK
999 _c35149
_d35149